| 000 | 00573nam a22001937a 4500 | ||
|---|---|---|---|
| 999 |
_c16558 _d16558 |
||
| 003 | OSt | ||
| 005 | 20171009111355.0 | ||
| 008 | 171009b xxu||||| |||| 00| 0 eng d | ||
| 020 | _a9780071326216 | ||
| 040 |
_aKABU _cKABU |
||
| 050 |
_aHD38.5 _b.S87 2013 |
||
| 245 |
_aSupply chain logistics management / _cDonald J. Bowersox ... [et al.] |
||
| 250 | _ainternational edition | ||
| 260 |
_aNew York _bMcGraw-Hill _c2013 |
||
| 300 | _axii, 484 p. | ||
| 650 | _aBusiness logistics | ||
| 700 | _aBowersox, Donald J. | ||
| 942 |
_2lcc _cBK _hHD38.5 _i.S87 2013 |
||